[Event "Continental op 49th"]
[Site "Sturbridge"]
[Date "2019.08.17"]
[Round "7"]
[White "Taylor, Steven A"]
[Black "Padmanabhan, Karthik Sai"]
[Result "0-1"]
[WhiteElo "2045"]
[BlackElo "1990"]
[PlyCount "86"]
[EventDate "2019.08.14"]
[EventType "swiss"]
[EventRounds "9"]
[EventCountry "USA"]
[SourceTitle "CBM 191 Extra"]
[Source "ChessBase"]
[SourceDate "2019.09.30"]
[SourceVersion "1"]
[SourceVersionDate "2019.09.30"]
[SourceQuality "1"]

1. Nf3 Nf6 2. c4 e6 3. g3 d5 4. Bg2 d4 5. 0-0 c5 6. e3 Nc6 7. exd4 cxd4 8. d3 Bd6 9. Na3 0-0 10. Nc2 e5 11. b4 Re8 12. b5 Ne7 13. a4 Nd7 14. a5 Rb8 15. Re1 f6 16. Nd2 Nc5 17. Ne4 Nxe4 18. Bxe4 a6 19. Bd2 Bd7 20. Qb1 Qc8 21. Rc1 Bf5 22. Bb4 Bc5 23. Bxc5 Qxc5 24. Qb4 Rec8 25. Rab1 Bxe4 26. dxe4 axb5 27. cxb5 Qc7 28. Qa3 Qd7 29. a6 Ra8 30. a7 b6 31. Qb3+ Kf8 32. Nb4 Rxa7 33. Rxc8+ Qxc8 34. Na6 Rd7 35. Qa3 d3 36. Rc1 Qb7 37. Qb4 d2 38. Rd1 Rd4 39. Qc3 Qxe4 40. Kf1 Rd3 41. Qc2 Qh1+ 42. Ke2 Qf3+ 43. Kf1 Re3 0-1

[Event "Windsor NAYCC U14"]
[Site "Windsor"]
[Date "2016.08.08"]
[Round "3.58"]
[White "Bu, Kevin1"]
[Black "Padmanabhan, Karthik Sai"]
[Result "0-1"]
[WhiteElo "1948"]
[BlackElo "1818"]
[PlyCount "106"]
[EventDate "2016.08.07"]
[EventType "swiss"]
[EventRounds "9"]
[EventCountry "CAN"]
[SourceTitle "EXT 2022"]
[Source "ChessBase"]
[SourceDate "2021.10.06"]
[SourceVersion "1"]
[SourceVersionDate "2021.10.06"]
[SourceQuality "1"]

1. e4 e5 2. Nf3 Nc6 3. d4 exd4 4. Bc4 Nf6 5. 0-0 Nxe4 6. Re1 d5 7. Bxd5 Qxd5 8. Nc3 Qa5 9. Nxe4 Be6 10. Neg5 0-0-0 11. Nxe6 fxe6 12. Rxe6 Bd6 13. Bg5 Rdf8 14. Bh4 Qh5 15. Bg3 Bxg3 16. hxg3 Rd8 17. Re4 Qd5 18. Qd3 Nb4 19. Qxd4 Qxd4 20. Nxd4 Rxd4 21. Rxd4 Nxc2 22. Rad1 Nxd4 23. Rxd4 Rd8 24. Rxd8+ Kxd8 25. f4 Ke7 26. g4 Ke6 27. Kf2 h6 28. Ke3 Kd5 29. Kd3 c5 30. g3 b5 31. Ke3 a5 32. Kd3 c4+ 33. Ke3 b4 34. b3 c3 35. Kd3 g6 36. Ke3 h5 37. gxh5 gxh5 38. Kd3 Ke6 39. a3 Kf5 40. axb4 axb4 41. Kc2 h4 42. gxh4 Kxf4 43. Kd3 Kg4 44. Kc2 Kxh4 45. Kd3 Kg3 46. Kc2 Kf2 47. Kd3 c2 48. Kxc2 Ke2 49. Kc1 Kd3 50. Kb2 Kd2 51. Ka1 Kc3 52. Kb1 Kxb3 53. Ka1 Kc2 0-1